00906nam a22002417a 4500999001900000005001700019010001500036020002700051035001400078037001300092082001400105245015700119260004500276270006600321300002600387500002300413700001500436700001600451700002400467700001700491942002800508952012800536 c159670d15967020181229110321.0 aENG-124609 a9780199487837c1195.00 aEN-108141 bDBAD/PUB a305.50954 aThe Empire of Disgust:ced. by Zoya Hasan; Aziz Z. Huq; Martha C. Nussbaum [and] Vidhu Vermabprejudice, discrimination, and policy in india and the US/ aNew DelhibOxford University Pressc2018 bNew Delhie110002a2/11 Ground Floor, Ansari Road, Daryaganj, axxvi,408p.c22cm.(Hb) aIt includes index  aZoya Hasan aAziz Z. Huq aMartha C. Nussbaum  a Verma,Vidhu 2ddccENh305.50954mEMP 001040718NFICaDBADbBNd2018-12-29eDBAD/PUBg1195.00l0o305.50954 EMPpEN-108141r2018-12-29 00:00:00t1v1195.00yEN